LEADER 02681nam 2200589 a 450 001 9910455281303321 005 20200520144314.0 010 $a1-905313-71-3 035 $a(EBL)795931 035 $a(OCoLC)609852606 035 $a(SSID)ssj0000361674 035 $a(PQKBManifestationID)12118782 035 $a(PQKBTitleCode)TC0000361674 035 $a(PQKBWorkID)10353596 035 $a(PQKB)11341932 035 $a(MiAaPQ)EBC795931 035 $a(MiAaPQ)EBC474766 035 $a(Au-PeEL)EBL795931 035 $a(CaPaEBR)ebr10509075 035 $a(CaONFJC)MIL541670 035 $a(Au-PeEL)EBL474766 035 $a(EXLCZ)991000000000766888 100 $a20111206d2008 uy 0 101 0 $aeng 135 $aur|n|---||||| 181 $ctxt 182 $cc 183 $acr 200 10$aInsiders, outsiders and others$b[electronic resource] $egypsies and identity /$fKalwant Bhopal and Martin Myers 210 $aHatfield, Hertfordshire $cUniversity of Hertfordshire Press$d2008 215 $a1 online resource (252 p.) 300 $aDescription based upon print version of record. 311 $a1-306-10419-X 311 $a1-902806-71-9 320 $aIncludes bibliographical references and index. 327 $aCover; Copyright; Dedication; Contents; Acknowledgements; 1. Gypsies and their identities; 2. Gypsy identity and culture:foundational accounts and theAcademy; 3. Gypsy identity and culture:misrepresentation, misrecognitionand deception; 4. Recognising the 'other'; 5. Case study I: Inside the schoolgates: Gypsy families' experiencesof education; 6. Case study II: Mediarepresentations of Gypsy lifein election year; 7. The outsider in multiculturalsociety; 8. The outsider in racist society; Bibliography; Index 330 $aExamining the contributing factors in the shaping of Gypsy identity in the United Kingdom, this study evaluates both recent and historic tendencies that now misrepresent or overlook Gypsy culture. From examining the implications of skin color to demystifying the often confused history of nomadic settlements, this resource presents an insightful and important look into the identity, and perceptions of that identity, within Gypsy culture. 606 $aRomanies 607 $aGreat Britain$xRace relations 608 $aElectronic books. 615 0$aRomanies. 676 $a305.891497041 676 $a941/.00491497 700 $aBhopal$b Kalwant$0856160 701 $aMyers$b Martin$01050297 801 0$bMiAaPQ 801 1$bMiAaPQ 801 2$bMiAaPQ 906 $aBOOK 912 $a9910455281303321 996 $aInsiders, outsiders and others$92479972 997 $aUNINA LEADER 01622nam a2200337 i 4500 001 991002072899707536 008 070122s2006 it 000 0bita d 020 $a8882343685 035 $ab13471582-39ule_inst 040 $aDip. Fil. Ling. e Lett.$bita 082 04$a325.245 082 04$a304.80945 100 1 $aSerafino, Pamela$0624878 245 10$aEmigranti salentini si raccontano :$bscritture dalla distanza /$cPamela Serafino ; prefazione di Carlo Alberto Augieri 260 $aLecce :$bArgo ;$cc2006 300 $a84 p. ;$c19 cm 440 0$aA sud del Novecento ;$v7 500 $aInclude bibliografia 650 4$aSalento$xEmigranti 700 1 $aAugieri, Carlo Alberto 907 $a.b13471582$b23-02-12$c22-01-07 912 $a991002072899707536 945 $aLE008 LLI O X 70 c. 1$g1$i2008000090975$lle008$nAugieri$o-$pE9.00$q-$rl$s- $t0$u5$v1$w5$x0$y.i14352011$z22-01-07 945 $aLE008 LLI O X 70 c. 2$g2$i2008000090951$lle008$o-$pE0.00$q-$rl$s- $t0$u0$v0$w0$x0$y.i15177105$z28-09-10 945 $aLE008 LLI O X 70 c. 3$g3$i2008000090968$lle008$o-$pE0.00$q-$rl$s- $t0$u0$v0$w0$x0$y.i15177117$z28-09-10 945 $aLE008 LLI O X 70 c. 4$g4$i2008000090937$lle008$o-$pE0.00$q-$rl$s- $t0$u1$v0$w1$x0$y.i15177129$z28-09-10 945 $aLE008 LLI O X 70 c. 5$g5$i2008000090944$lle008$o-$pE0.00$q-$rl$s- $t0$u0$v0$w0$x0$y.i15177130$z28-09-10 945 $aLE002 304.80945 SER$g1$lle002$og$pE0.00$q-$rl$s- $t0$u1$v0$w1$x0$y.i14663338$z06-02-08 996 $aEmigranti salentini si raccontano$91095254 997 $aUNISALENTO 998 $a(5)le008$ale002$b22-01-07$cm$da $e-$fita$git $h0$i0